Länder, die nur an kleinere Länder grenzen - Statistiken

Allgemein
  • Dieses Quiz wurde 88 mal gespielt
  • Das Durchschnittsergebnis liegt bei 11 aus 14
Antwortstatistiken
Kontinent Land % Korrekt
Europa Russland
97%
Südamerika Brasilien
96%
Nordamerika Kanada
88%
Afrika Algerien
85%
Afrika Demokratische Republik Kongo
85%
Asien Saudi-Arabien
81%
Afrika Südafrika
79%
Asien Iran
74%
Europa Schweden
74%
Afrika Sudan
72%
Nordamerika Nicaragua
71%
Asien Indonesien
67%
Nordamerika Dominikanische Republik
65%
Europa Vereinigtes Königreich
65%
Keine übereinstimmenden Quizze gefunden
Verteilung der Resultate
Anzahl Personen mit jedem Resultat
Perzentil nach korrekt beantworteten Fragen
Ihre Resultats-Entwicklung
Sie haben dieses Quiz noch nicht gespielt